Writers of the western world /

Bibliographic Details
Main Author: Hibbard, Addison, 1887-1945
Other Authors: Lovett, Robert Morss, 1870-1956
Format: Book
Language:English
Published: Boston, New York [etc.] : Houghton Mifflin company, [1942]
Subjects:

MARC

Tag First Indicator Second Indicator Subfields
LEADER 00000cam a2200000 4500
001 in00000699786
005 20151016053605.0
008 760130s1942 mauf b 00010 eng
010 |a  42014097  
035 |a (OCoLC)01956314 
035 |9 ADC1258AM 
040 |a DLC  |c JNA  |d TXA  |d UtOrBLW 
049 |a TXAM  |c [108644] 
050 0 |a PN6014  |b .H5 
092 |a 808.8  |b H624w 
100 1 |a Hibbard, Addison,  |d 1887-1945. 
245 1 0 |a Writers of the western world /  |c edited by Addison Hibbard ... 
264 1 |a Boston,  |a New York [etc.] :  |b Houghton Mifflin company,  |c [1942] 
300 |a xxii, 1261 pages :  |b plates. ;  |c 25 cm. 
336 |a text  |b txt  |2 rdacontent 
337 |a unmediated  |b n  |2 rdamedia 
338 |a volume  |b nc  |2 rdacarrier 
500 |a "Under the general editorship of Robert Morss Lovett." 
504 |a "References" at end of each section. "Supplementary bibliography": pages [1238]-1239. 
541 0 |a Donated by the estate of John Paul & Virginia Burns Abbott, June, 1996. 
650 0 |a Literature  |v Collections. 
700 1 |a Lovett, Robert Morss,  |d 1870-1956. 
999 |a MARS 
999 f f |s 5144d79f-be3c-3136-871c-c75536b85eb2  |i d771d1cd-9f71-311d-b7f1-e89104ea4673  |t 0 
952 f f |p ric  |a Texas A&M University  |b Rellis Campus  |c Joint Library Facility  |s JLF  |d Remote Storage  |t 0  |e PN6014 .H5  |h Library of Congress classification  |i unmediated -- volume  |m A14801202165 
998 f f |a PN6014 .H5  |t 0  |l Remote Storage